000 00448nam a2200181Ia 4500
001 18948
005 20260306171708.0
008 260306s9999||||xx |||||||||||||| ||und||
041 _aESP
082 _a658.562
_bM86
100 _aMoreno-Luzón, María D.
_eAUT
245 0 _aGestión de la calidad y diseño de organizaciones
260 _c2001
300 _a456 páginas :
_c
650 _aGEN
654 _aCAN
942 _cLIB
_dJUS
_fJUS
_2ddc
_n
999 _c18948
_d18948